[Event "Ì15Â "]
[Site "Loo"]
[Date "2017.04.20"]
[Round "1.19"]
[White "Êóëàåâ, Ìàêñèì."]
[Black "Ïîñòíèêîâ, Ðîìàí."]
[Result "1-0"]
[WhiteElo "1849"]
[BlackElo "2081"]
[PlyCount "67"]
[EventDate "2017.04.20"]

1. d4 Nf6 2. Nf3 g6 3. g3 Bg7 4. Bg2 O-O 5. O-O d6 6. c4 Nbd7 7. Nc3 c6 8. e4
e5 9. h3 Qb6 10. d5 Ne8 11. Rb1 f5 12. Ng5 Ndf6 13. Be3 Qc7 14. Qd2 h6 15. Ne6
Bxe6 16. dxe6 h5 17. f4 exf4 18. Bxf4 fxe4 19. Nxe4 Nxe4 20. Bxe4 Rf6 21. Rbd1
Qe7 22. Bg5 Rxf1+ 23. Kxf1 Bf6 24. Bh6 Be5 25. Kg2 Qxe6 26. Qg5 Kh7 27. Qxh5
Bg7 28. Bf4+ Kg8 29. Qxg6 Qxc4 30. Bf5 Nc7 31. Qh7+ Kf7 32. Bg6+ Kf6 33. Bg5+
Kxg5 34. Qh5+ 1-0

[Event "Ì15Â "]
[Site "Loo"]
[Date "2017.04.20"]
[Round "1.20"]
[White "Áðåñêàíó, Íèêèòà."]
[Black "Øàéõàëèåâ, Äæîõàð."]
[Result "1/2-1/2"]
[WhiteElo "2044"]
[BlackElo "1846"]
[PlyCount "102"]
[EventDate "2017.04.20"]

1. d4 Nf6 2. c4 e6 3. Nf3 b6 4. a3 Bb7 5. Nc3 d5 6. cxd5 Nxd5 7. Bg5 Nxc3 8.
bxc3 Be7 9. Bxe7 Qxe7 10. Qa4+ Nd7 11. Ne5 f6 12. Qxd7+ Qxd7 13. Nxd7 Kxd7 14.
f3 Ke7 15. e3 Rac8 16. a4 a5 17. Rb1 Rhd8 18. Bd3 Rd6 19. Bxh7 f5 20. h4 Rh8
21. Bg6 Rc6 22. Kd2 Rc4 23. Ra1 Bc6 24. e4 Kf6 25. h5 Rxa4 26. Rxa4 Bxa4 27.
exf5 exf5 28. c4 Be8 29. Bxe8 Rxe8 30. g3 Rh8 31. d5 Re8 32. Kd3 Kg5 33. Rh4
Rf8 34. f4+ Kf6 35. g4 fxg4 36. Rxg4 Rf7 37. Rg5 Re7 38. Kd4 a4 39. c5 bxc5+
40. Kxc5 a3 41. Rg6+ Kf5 42. Ra6 Re3 43. Ra4 Kg4 44. Ra7 Kxf4 45. Kd4 Rb3 46.
Kc4 Rb1 47. Rxa3 Ke4 48. Rg3 Rc1+ 49. Kb3 Kxd5 50. Rxg7 Rh1 51. Rxc7 Rxh5
1/2-1/2

[Event "Ì15Â "]
[Site "Loo"]
[Date "2017.04.20"]
[Round "1.21"]
[White "Ðàäî÷èí, Îëåã."]
[Black "Èñìàãèëîâ, Äàìèð."]
[Result "0-1"]
[WhiteElo "1825"]
[BlackElo "2039"]
[PlyCount "80"]
[EventDate "2017.04.20"]

1. e4 c5 2. Nf3 Nc6 3. d4 cxd4 4. Nxd4 Nf6 5. Nc3 e6 6. Ndb5 Bb4 7. Nd6+ Ke7 8.
Nxc8+ Rxc8 9. Bd3 d5 10. exd5 Qxd5 11. O-O Bxc3 12. bxc3 Rhd8 13. Qe2 Kf8 14.
Bb2 Qe5 15. Qf3 Qd5 16. Qh3 Qh5 17. Qg3 Qg4 18. Qxg4 Nxg4 19. Rab1 Rd7 20. f4
g6 21. Rf3 Nf6 22. c4 Ne8 23. g4 Kg8 24. f5 exf5 25. gxf5 Ng7 26. fxg6 hxg6 27.
h4 Re8 28. Bxg7 Kxg7 29. h5 gxh5 30. Rg3+ Kf8 31. Rg5 Re5 32. Rb5 Rxg5+ 33.
Rxg5 h4 34. a3 f6 35. Rh5 Ne5 36. Bf5 Rg7+ 37. Kf2 Rg5 38. Rh8+ Kg7 39. Rh7+
Kg8 40. Be4 f5 0-1

[Event "Ì15Â "]
[Site "Loo"]
[Date "2017.04.20"]
[Round "1.22"]
[White "Äóäèí, Ãëåá."]
[Black "Êðþêîâ, Àëåêñåé."]
[Result "1-0"]
[WhiteElo "2031"]
[BlackElo "1799"]
[PlyCount "81"]
[EventDate "2017.04.20"]

1. c4 e5 2. g3 Nc6 3. Bg2 g6 4. Nc3 Bg7 5. Nf3 d6 6. O-O Be6 7. d3 h6 8. e4 Qd7
9. Be3 Bh3 10. Nd5 Bxg2 11. Kxg2 Nge7 12. Qd2 g5 13. Rfe1 f5 14. Nxe7 Nxe7 15.
exf5 Nxf5 16. Qe2 O-O-O 17. Nd2 g4 18. Rh1 h5 19. h3 d5 20. hxg4 hxg4 21. cxd5
Qxd5+ 22. Ne4 Qxd3 23. Qxg4 Qd7 24. Qf3 Nd4 25. Bxd4 exd4 26. Nc5 Qd5 27. Qxd5
Rxd5 28. Nd3 Rdh5 29. Rxh5 Rxh5 30. Kf3 b6 31. b4 Kd7 32. Rc1 Kd6 33. Ke4 Rg5
34. Rg1 a5 35. f4 Rg6 36. f5 Rg4+ 37. Kf3 Rg5 38. Kf4 Bf6 39. bxa5 bxa5 40. Re1
Bd8 41. Re8 1-0

[Event "Ì15Â "]
[Site "Loo"]
[Date "2017.04.20"]
[Round "1.23"]
[White "Ñò¸ïî÷êèí, Ô¸äîð."]
[Black "Ãàéäûì, Àðñåíèé."]
[Result "1-0"]
[WhiteElo "1793"]
[BlackElo "2017"]
[PlyCount "133"]
[EventDate "2017.04.20"]

1. e4 c5 2. Nf3 d6 3. d4 cxd4 4. Nxd4 Nf6 5. Nc3 g6 6. Be2 Bg7 7. O-O Nc6 8.
Be3 O-O 9. f3 Bd7 10. Qd2 Nxd4 11. Bxd4 Bc6 12. Rfd1 Rc8 13. a4 a5 14. Ra3 Nd7
15. Be3 Nc5 16. Bb5 Qb6 17. Nd5 Bxd5 18. Qxd5 Qc7 19. c3 Ne6 20. Bf1 Ra8 21.
Rb3 Rfb8 22. Bb6 Qc6 23. Qb5 Nc7 24. Qc4 Qxc4 25. Bxc4 Rc8 26. Bd5 Nxd5 27.
Rxd5 Rc4 28. Rxa5 Rxa5 29. Bxa5 Rxa4 30. Bd8 e6 31. Rxb7 Be5 32. g3 Ra1+ 33.
Kf2 Rb1 34. Rb6 d5 35. f4 Bg7 36. e5 h6 37. Be7 g5 38. Bc5 Kh7 39. Kf3 Kg6 40.
Rb7 h5 41. b4 gxf4 42. gxf4 Bh6 43. Be3 Rb3 44. Bd4 Bf8 45. Ke3 Rb2 46. b5 Rxh2
47. b6 h4 48. Kf3 Ba3 49. Rc7 Rb2 50. Kg4 Rb1 51. b7 Bc1 52. Ba7 h3 53. Kxh3
Bxf4 54. b8=Q Rxb8 55. Bxb8 Bxe5 56. Rc8 Kf5 57. Kg2 Bxb8 58. Rxb8 Ke4 59. Kf2
Kd3 60. Rc8 e5 61. Kf3 e4+ 62. Kf4 f6 63. Rc5 d4 64. cxd4 Kxd4 65. Ra5 Kd3 66.
Ra3+ Kd4 67. Ra4+ 1-0

[Event "Ì15Â "]
[Site "Loo"]
[Date "2017.04.20"]
[Round "1.24"]
[White "Âàñèëüåâ, Ãåîðãèé."]
[Black "Ëóïïà, Êèðèëë."]
[Result "1-0"]
[WhiteElo "2011"]
[BlackElo "1780"]
[PlyCount "71"]
[EventDate "2017.04.20"]

1. d4 Nf6 2. Nf3 b6 3. c4 Bb7 4. Nc3 e6 5. a3 Ne4 6. Qc2 f5 7. e3 Be7 8. Bd3
Nxc3 9. Qxc3 O-O 10. O-O d6 11. Nd2 Nd7 12. b3 Nf6 13. f3 Qe8 14. Qc2 h6 15.
Bb2 Qh5 16. Rae1 Rad8 17. e4 f4 18. e5 Nd7 19. exd6 Bxd6 20. Rxe6 Rf6 21. Rfe1
Rxe6 22. Rxe6 Qh4 23. b4 Nf6 24. d5 Nd7 25. Qc3 Bf8 26. Ne4 Qh5 27. Re7 Qg6 28.
Re6 Qh5 29. Nf2 Qg5 30. Ng4 Nf6 31. Nxf6+ gxf6 32. Qe1 Rd6 33. Bxf6 Qh5 34. Bc3
Rxe6 35. Qxe6+ Qf7 36. Bh7+ 1-0

[Event "Ì15Â "]
[Site "Loo"]
[Date "2017.04.20"]
[Round "1.25"]
[White "Ðîìàäîâ, Äìèòðèé."]
[Black "Çåìíèöêèé, Àëåêñàíäð."]
[Result "0-1"]
[WhiteElo "1774"]
[BlackElo "2010"]
[PlyCount "90"]
[EventDate "2017.04.20"]

1. e4 c5 2. Nf3 d6 3. d4 cxd4 4. Nxd4 Nf6 5. Nc3 a6 6. Bg5 Nbd7 7. f4 Qb6 8.
Nb3 h6 9. Bh4 Qe3+ 10. Qe2 Qxf4 11. Bg3 Qg5 12. Qf2 Ng4 13. Qe2 Ngf6 14. Nd2
Qc5 15. O-O-O b5 16. Nb3 Qc7 17. Nd5 Nxd5 18. exd5 Ne5 19. Bxe5 dxe5 20. g3 Bb7
21. Bg2 g6 22. h4 h5 23. g4 Bh6+ 24. g5 Bg7 25. Be4 O-O 26. Kb1 b4 27. Qe1 a5
28. Nc1 Qc4 29. b3 Qc5 30. Ne2 Rfd8 31. c4 bxc3 32. Qxc3 Qb6 33. Ng3 a4 34. b4
Rac8 35. Qb2 a3 36. Qb3 Qb5 37. Rhf1 Qc4 38. Rc1 Qxb3+ 39. axb3 Rxc1+ 40. Kxc1
Bxd5 41. Rd1 e6 42. Ne2 Rc8+ 43. Bc2 Bxb3 44. Rd2 a2 45. Kb2 e4+ 0-1

[Event "Ì15Â "]
[Site "Loo"]
[Date "2017.04.20"]
[Round "1.26"]
[White "Âîëêîâ, Àíäðåé."]
[Black "Ãàâðèëîâ, Âèêòîð."]
[Result "1-0"]
[WhiteElo "2005"]
[BlackElo "1760"]
[PlyCount "95"]
[EventDate "2017.04.20"]

1. e4 e5 2. Nf3 Nc6 3. Bc4 Bc5 4. c3 Nf6 5. d4 exd4 6. e5 d5 7. Bb5 Ne4 8. cxd4
Bb6 9. h3 O-O 10. O-O f6 11. Nc3 fxe5 12. Bxc6 bxc6 13. Nxe5 Qh4 14. Nxe4 Qxe4
15. Be3 a5 16. Rc1 c5 17. dxc5 Qxe5 18. cxb6 cxb6 19. Bxb6 Ra6 20. Qd4 Qxd4 21.
Bxd4 Be6 22. Rc5 Rf4 23. Rd1 a4 24. f3 Rf7 25. Kf2 Re7 26. Rc3 Kf7 27. g4 g5
28. Kg3 Kg6 29. Rf1 h5 30. gxh5+ Kxh5 31. f4 Rf7 32. Rcf3 gxf4+ 33. Rxf4 Rxf4
34. Rxf4 a3 35. b3 Bd7 36. Rf6 Rxf6 37. Bxf6 Bf5 38. b4 Bb1 39. b5 Bd3 40. b6
Ba6 41. Kf3 Kg6 42. Be7 d4 43. Bxa3 d3 44. Ke3 Kf5 45. h4 Kf6 46. Bd6 Ke6 47.
h5 Kf6 48. h6 1-0

[Event "Ì15Â "]
[Site "Loo"]
[Date "2017.04.20"]
[Round "1.27"]
[White "Øèðèíêèí, Ïàâåë."]
[Black "Ùóêèí, Ìàêñèì."]
[Result "1/2-1/2"]
[WhiteElo "1751"]
[BlackElo "1990"]
[PlyCount "82"]
[EventDate "2017.04.20"]

1. e4 c5 2. Nf3 Nc6 3. c3 e6 4. d4 d5 5. e5 Qb6 6. Bd3 Bd7 7. dxc5 Bxc5 8. O-O
a5 9. a4 Nge7 10. Na3 Ng6 11. Qe2 O-O 12. Nb5 Nce7 13. Bd2 Bxb5 14. axb5 Rfd8
15. h4 Nf5 16. Bxf5 exf5 17. h5 Ne7 18. Qd3 a4 19. Nh4 Ra5 20. Nxf5 Nxf5 21.
Qxf5 Rxb5 22. Bg5 Re8 23. Rxa4 Rxb2 24. h6 Qg6 25. Qd7 Qc6 26. Qg4 b5 27. Rf4
Qe6 28. Bf6 Qxg4 29. Rxg4 g6 30. Rf4 Bf8 31. Rh4 Rc2 32. Rd1 Rxc3 33. Rxd5 b4
34. Kh2 Rb8 35. e6 fxe6 36. Rd7 Rc5 37. Bg7 Bxg7 38. Rxg7+ Kh8 39. Re7 Rcc8 40.
Rf4 Rf8 41. Rd4 Rbd8 1/2-1/2

[Event "Ì15Â "]
[Site "Loo"]
[Date "2017.04.20"]
[Round "1.28"]
[White "Ðîëüãåéçåð, Ãåíðèõ."]
[Black "Æóðàâëåâ, Àëåêñàíäð."]
[Result "1-0"]
[WhiteElo "1989"]
[BlackElo "1745"]
[PlyCount "225"]
[EventDate "2017.04.20"]

1. e4 e6 2. d4 d5 3. Nc3 Bb4 4. e5 c5 5. a3 Bxc3+ 6. bxc3 Ne7 7. Qg4 Qc7 8.
Qxg7 Rg8 9. Qxh7 cxd4 10. Ne2 dxc3 11. f4 Bd7 12. Nd4 a6 13. Qd3 Nbc6 14. Qxc3
O-O-O 15. Be3 Nxd4 16. Qxc7+ Kxc7 17. Bxd4 Bb5 18. Bxb5 axb5 19. Kf2 Ra8 20.
Bc5 Nf5 21. Rhg1 Kc6 22. Bb4 Rg4 23. g3 Rh8 24. Rg2 Rh3 25. Rd1 b6 26. Rd3 d4
27. c3 Rxf4+ 28. Kg1 Re4 29. cxd4 Kd5 30. Rgd2 Rh8 31. Rc2 Rxd4 32. Rxd4+ Nxd4
33. Rd2 Ke4 34. Kg2 Re8 35. h4 Kxe5 36. Kh3 Kd5 37. g4 e5 38. Rf2 Ke6 39. g5
Nf5 40. Rg2 Rh8 41. Rg4 Nd4 42. g6 fxg6 43. Rxg6+ Kf5 44. Rg5+ Ke4 45. Rg6 Kf5
46. Rxb6 Nf3 47. Be7 Rh7 48. Bd8 Rh8 49. Rf6+ Ke4 50. Rd6 Nxh4 51. Bxh4 Ra8 52.
Rb6 Rxa3+ 53. Kg4 Rb3 54. Bg3 Kd5 55. Rb8 e4 56. Rd8+ Kc4 57. Be5 e3 58. Kf3 b4
59. Rd4+ Kc5 60. Rh4 Kd5 61. Bg7 Kc5 62. Bd4+ Kb5 63. Bxe3 Rc3 64. Ke2 Rc4 65.
Rh5+ Ka4 66. Bd2 Rc8 67. Kd1 Rc7 68. Rh4 Rb7 69. Kc2 Rb8 70. Rh1 Rb7 71. Ra1+
Kb5 72. Bxb4 Rc7+ 73. Kb3 Rh7 74. Ra5+ Kb6 75. Rd5 Rh3+ 76. Ka4 Rh6 77. Rb5+
Kc6 78. Ka5 Re6 79. Rc5+ Kd6 80. Rh5+ Kc6 81. Ka4 Re4 82. Kb3 Re6 83. Bc3 Re4
84. Kc2 Rg4 85. Kd3 Ra4 86. Rg5 Kd6 87. Bd4 Ke6 88. Ke4 Kf7 89. Rg7+ Ke6 90.
Rg6+ Kf7 91. Rb6 Ra2 92. Be5 Re2+ 93. Kf5 Rf2+ 94. Bf4 Ke7 95. Rb7+ Kf8 96. Ke5
Rf1 97. Bh6+ Ke8 98. Bg5 Re1+ 99. Kf5 Rf1+ 100. Kg6 Rg1 101. Re7+ Kf8 102. Rd7
Re1 103. Bf6 Re2 104. Kf5 Re1 105. Be5 Rf1+ 106. Ke6 Kg8 107. Rg7+ Kf8 108. Rh7
Ke8 109. Bg3 Rf3 110. Bd6 Re3+ 111. Be5 Rf3 112. Re7+ Kd8 113. Rb7 1-0

[Event "Ì15Â "]
[Site "Loo"]
[Date "2017.04.20"]
[Round "1.29"]
[White "Öóõàåâ, Ìóñà."]
[Black "Êîëäàåâ, Äóíãàð."]
[Result "1/2-1/2"]
[WhiteElo "1710"]
[BlackElo "1988"]
[PlyCount "98"]
[EventDate "2017.04.20"]

1. e4 e6 2. d4 d5 3. Nc3 Nf6 4. Bg5 Be7 5. e5 Nfd7 6. h4 h6 7. Bxe7 Qxe7 8. Nf3
a6 9. Rb1 c5 10. dxc5 Qxc5 11. Bd3 Nc6 12. Qe2 Nd4 13. Nxd4 Qxd4 14. O-O O-O
15. Rbe1 Qxh4 16. f4 f5 17. Rf3 Nc5 18. Ref1 Bd7 19. Rh3 Qe7 20. Rff3 Kf7 21.
Rfg3 Ke8 22. Rg6 Kd8 23. Rhg3 Rf7 24. a3 Kc7 25. Qe3 Bc6 26. b4 Ne4 27. Bxe4
dxe4 28. Qc5 Qxc5+ 29. bxc5 Rg8 30. Rxe6 g5 31. Rxh6 Rfg7 32. Rxg5 Rxg5 33.
fxg5 Rxg5 34. Rh7+ Kd8 35. Ne2 e3 36. g3 f4 37. Nxf4 Rxg3+ 38. Kh2 Rg4 39. Nd3
Be4 40. Rh8+ Ke7 41. Ne1 Ke6 42. Rh3 Kxe5 43. Rxe3 Kd4 44. Rb3 Kxc5 45. Rb4 Bf5
46. Rxb7 Ra4 47. Re7 Re4 48. Nd3+ Kd4 49. Ra7 Re2+ 1/2-1/2

[Event "Ì17Ï "]
[Site "Loo"]
[Date "2017.04.20"]
[Round "1.1"]
[White "Ãåòüìàí, Äìèòðèé."]
[Black "Äóáèíèí, Àëåêñàíäð."]
[Result "0-1"]
[WhiteElo "1863"]
[BlackElo "2165"]
[PlyCount "100"]
[EventDate "2017.04.20"]

1. d4 Nf6 2. c4 g6 3. Nc3 Bg7 4. e4 d6 5. Nf3 O-O 6. h3 e5 7. dxe5 dxe5 8. Qxd8
Rxd8 9. Bg5 Na6 10. Nd5 Rd6 11. Nxf6+ Bxf6 12. Bxf6 Rxf6 13. Be2 Rb6 14. O-O-O
f6 15. Rd8+ Kg7 16. Nd2 Rb8 17. Nb3 Be6 18. Rxb8 Nxb8 19. Nc5 Na6 20. Nxa6 Rxa6
21. a3 Kf7 22. Kc2 Ke7 23. Kc3 c5 24. Rd1 f5 25. f3 Bf7 26. g4 fxe4 27. fxe4
Rf6 28. Rf1 Rf4 29. Rxf4 exf4 30. g5 Kd6 31. a4 Ke5 32. Bf3 Be8 33. b3 Bd7 34.
h4 Bc6 35. Kd3 b6 36. Bg2 f3 37. Bxf3 Kf4 38. Bh1 a5 39. Bg2 Kg3 40. Bf1 Kxh4
41. e5 Kxg5 42. Bh3 Kf4 43. e6 Ke5 44. Ke3 h5 45. e7 Kf6 46. Bg2 Bd7 47. Kf4
Kxe7 48. Kg5 Bf5 49. Bc6 Kd6 50. Bf3 Ke5 0-1

[Event "Ì17Ï "]
[Site "Loo"]
[Date "2017.04.20"]
[Round "1.2"]
[White "Ëåâåíøòåéí, Ìàðê."]
[Black "Ìàð÷åíêî, Íèêîëàé."]
[Result "1/2-1/2"]
[WhiteElo "2161"]
[BlackElo "1862"]
[PlyCount "99"]
[EventDate "2017.04.20"]

1. Nf3 d6 2. g3 c5 3. Bg2 Nc6 4. O-O g6 5. c3 Bg7 6. d4 cxd4 7. cxd4 d5 8. Nc3
Bg4 9. Qb3 Bxf3 10. Qxb7 Nxd4 11. exf3 Nf6 12. Bg5 O-O 13. Rfd1 Ne6 14. Bxf6
exf6 15. Rxd5 Qb6 16. Qxb6 axb6 17. Rb5 f5 18. f4 Ra6 19. Rd1 Nc5 20. Bd5 Bxc3
21. bxc3 Kg7 22. Rdb1 Rd8 23. c4 Rd6 24. R1b2 Na4 25. Rc2 Ra7 26. Rb3 Rad7 27.
Re2 b5 28. Rxb5 Nc3 29. Reb2 Nxb5 30. Rxb5 Ra7 31. a4 Rda6 32. c5 Rxa4 33. c6
Rc7 34. Kg2 Kf6 35. Bf3 h6 36. h3 Rc4 37. Rb6 Ke7 38. Rb8 Rc2 39. g4 Rc4 40.
Kg3 Rc3 41. Kg2 Kf6 42. Rh8 Kg7 43. Rb8 Ra7 44. gxf5 gxf5 45. Rb5 Kf6 46. Rb6
Rc4 47. Kg3 Ra3 48. Kg2 Ra7 49. Kg3 Rc7 50. Ra6 1/2-1/2

[Event "Ì17Ï "]
[Site "Loo"]
[Date "2017.04.20"]
[Round "1.3"]
[White "Ëåâäàíñêèé, Àëåêñåé."]
[Black "ßøìåòîâ, Íèêîëàé."]
[Result "1/2-1/2"]
[WhiteElo "1859"]
[BlackElo "2152"]
[PlyCount "120"]
[EventDate "2017.04.20"]

1. d4 Nf6 2. c4 e6 3. g3 d5 4. Bg2 dxc4 5. Qa4+ Nbd7 6. Nf3 a6 7. Qxc4 b5 8.
Qc6 Ra7 9. O-O Bb7 10. Qc2 c5 11. Nbd2 Qa8 12. dxc5 Bxc5 13. a3 a5 14. b3 e5
15. e3 O-O 16. Bb2 Re8 17. Rac1 Ra6 18. Nh4 Bf8 19. Bxb7 Qxb7 20. Rfd1 Nc5 21.
Qf5 Rae6 22. Nhf3 g6 23. Qc2 Nfe4 24. Nxe4 Nxe4 25. Qc7 Qxc7 26. Rxc7 b4 27.
axb4 axb4 28. Rdd7 Bd6 29. Rc4 f5 30. Rxe4 fxe4 31. Ng5 h5 32. Nxe6 Rxe6 33.
Kf1 Kf8 34. Ke2 Ke8 35. Rb7 Re7 36. Rxe7+ Kxe7 37. f3 exf3+ 38. Kxf3 Ke6 39. e4
Bc5 40. h3 Bd4 41. Bc1 Bc3 42. Ke2 Kd6 43. Kd3 Be1 44. g4 hxg4 45. hxg4 Kc5 46.
Bh6 Bg3 47. Bf8+ Kb5 48. Ke3 Bf4+ 49. Kd3 Bg3 50. Bd6 Bf4 51. Ke2 Ka5 52. Kf3
Kb5 53. Kg2 Ka5 54. Kh3 g5 55. Kg2 Kb5 56. Kf3 Ka5 57. Ke2 Kb5 58. Kd3 Bg3 59.
Be7 Bf4 60. Bf6 Kc5 1/2-1/2

[Event "Ì17Ï "]
[Site "Loo"]
[Date "2017.04.20"]
[Round "1.4"]
[White "Æàôÿðîâ, Àäåëü."]
[Black "Ïîëòîðàöêèé, Àëåêñàíäð."]
[Result "1/2-1/2"]
[WhiteElo "2111"]
[BlackElo "1857"]
[PlyCount "95"]
[EventDate "2017.04.20"]

1. d4 d5 2. Bf4 Nf6 3. e3 e6 4. Nf3 Bd6 5. Ne5 O-O 6. Nd2 b6 7. Bd3 Bb7 8. O-O
Ne4 9. c3 Qe7 10. Bxe4 dxe4 11. Re1 f6 12. Nec4 Nd7 13. Qb3 Rfd8 14. Nxd6 cxd6
15. Nc4 d5 16. Na5 Nb8 17. Nxb7 Qxb7 18. c4 Nc6 19. cxd5 Na5 20. Qd1 exd5 21.
Rc1 Rac8 22. Qg4 Rc6 23. h4 Qc8 24. Qd1 Qd7 25. b3 Rdc8 26. Qd2 Nb7 27. Qb2 Nd6
28. Rxc6 Rxc6 29. Rc1 Kf7 30. Rxc6 Qxc6 31. Bxd6 Qxd6 32. Qc3 Qd7 33. a4 a6 34.
Qc2 Ke7 35. Qe2 Qc8 36. Qh5 Qc1+ 37. Kh2 Qc7+ 38. Kh3 Qd7+ 39. Qg4 Qe6 40. Kg3
Qxg4+ 41. Kxg4 g6 42. h5 Kf7 43. f3 exf3 44. gxf3 Ke7 45. hxg6 hxg6 46. b4 b5
47. axb5 axb5 48. Kf4 1/2-1/2

[Event "Ì17Ï "]
[Site "Loo"]
[Date "2017.04.20"]
[Round "1.5"]
[White "Ôîøåíêî, Êèðèëë."]
[Black "Îâñÿíþê, Äìèòðèé."]
[Result "0-1"]
[WhiteElo "1849"]
[BlackElo "2095"]
[PlyCount "44"]
[EventDate "2017.04.20"]

1. Nf3 c5 2. c4 Nc6 3. Nc3 g6 4. g3 Bg7 5. Bg2 d6 6. O-O Nf6 7. d3 Rb8 8. Be3
Ng4 9. Qd2 Nxe3 10. fxe3 Bh6 11. Nd1 O-O 12. Qc3 Bg7 13. d4 Qb6 14. dxc5 Qxc5
15. Qd3 Be6 16. Rc1 b5 17. b3 bxc4 18. bxc4 Rb4 19. Nd2 Ne5 20. Qa3 Nxc4 21.
Rxc4 Rxc4 22. Qxc5 dxc5 0-1

[Event "Ì17Ï "]
[Site "Loo"]
[Date "2017.04.20"]
[Round "1.6"]
[White "Ìèøèí, Âÿ÷åñëàâ."]
[Black "Íèêèòèí, Ãåîðãèé."]
[Result "1-0"]
[WhiteElo "2092"]
[BlackElo "1847"]
[PlyCount "65"]
[EventDate "2017.04.20"]

1. e4 c6 2. d4 d5 3. exd5 cxd5 4. c4 Nf6 5. Nc3 e6 6. Nf3 Be7 7. Bd3 O-O 8. O-O
Nc6 9. a3 b6 10. cxd5 Nxd5 11. Nxd5 Qxd5 12. Qc2 Nxd4 13. Nxd4 Qxd4 14. Bxh7+
Kh8 15. Be4 Rb8 16. Bf4 Bb7 17. Bxb8 Bxe4 18. Qc7 Bf6 19. Rad1 Qxb2 20. Qf4 Bc2
21. Bd6 Bxd1 22. Bxf8 Be2 23. Re1 Bc3 24. Qc1 Bd3 25. Qxb2 Bxb2 26. Rd1 Bg6 27.
Rd8 Kh7 28. Rb8 Be4 29. Bd6 Bd4 30. Rc8 b5 31. Bc5 Bxc5 32. Rxc5 Bd3 33. Rc7
1-0

[Event "Ì17Ï "]
[Site "Loo"]
[Date "2017.04.20"]
[Round "1.7"]
[White "Äàâèäåíêî, Äìèòðèé."]
[Black "Çàáîëîòíîâ, Åâãåíèé."]
[Result "0-1"]
[WhiteElo "1839"]
[BlackElo "2087"]
[PlyCount "55"]
[EventDate "2017.04.20"]

1. e4 c6 2. d4 d5 3. Nc3 dxe4 4. Nxe4 Bf5 5. Ng3 Bg6 6. h4 h6 7. N1e2 Nf6 8.
Nf4 Bh7 9. Bc4 e6 10. Qe2 Bd6 11. Nfh5 O-O 12. Bd2 Nbd7 13. O-O-O Qc7 14. Qf3
Be7 15. Rh3 c5 16. Bf4 Qc6 17. Qxc6 bxc6 18. Nxf6+ Nxf6 19. Ne2 Nd5 20. Bd3
Bxd3 21. Rdxd3 cxd4 22. Rxd4 Bc5 23. Rc4 Bxf2 24. Rxc6 Rfc8 25. Rxc8+ Rxc8 26.
c3 Rc4 27. Bg3 Be3+ 28. Kc2 {äàëåå çàïèñü íåðàçáîð~~èâà} 0-1

[Event "Ì17Ï "]
[Site "Loo"]
[Date "2017.04.20"]
[Round "1.8"]
[White "Êûøòûìîâ, Äàíèèë."]
[Black "Ìîðîçîâ, Âàëåðèé."]
[Result "1-0"]
[WhiteElo "2082"]
[BlackElo "1836"]
[PlyCount "47"]
[EventDate "2017.04.20"]

1. e4 c5 2. Nf3 Nc6 3. d4 cxd4 4. Nxd4 g6 5. Nc3 Bg7 6. Be3 Nf6 7. Nxc6 bxc6 8.
e5 Ng8 9. Bd4 Qc7 10. Bc4 Bxe5 11. O-O d5 12. Bxd5 cxd5 13. Nxd5 Qd6 14. Bxe5
Qxe5 15. Re1 Qd6 16. Qd4 Bb7 17. Rxe7+ Kf8 18. Rxb7 Rd8 19. c4 f6 20. Re1 h5
21. Qxa7 Nh6 22. Ree7 Nf5 23. Rf7+ Ke8 24. Qa4+ 1-0

[Event "Ì17Ï "]
[Site "Loo"]
[Date "2017.04.20"]
[Round "1.9"]
[White "Èäèãîâ, Àáóáàêàð."]
[Black "Íåçíàíîâ, Àëåêñàíäð."]
[Result "1/2-1/2"]
[WhiteElo "1833"]
[BlackElo "2050"]
[PlyCount "44"]
[EventDate "2017.04.20"]

1. d4 d5 2. Bf4 Bf5 3. Nf3 Nf6 4. e3 e6 5. c4 Bxb1 6. Rxb1 Bb4+ 7. Ke2 O-O 8.
c5 c6 9. Ne5 Ba5 10. f3 Bc7 11. Kf2 Nh5 12. Bg3 Nxg3 13. hxg3 Bxe5 14. dxe5 Nd7
15. Qc2 g6 16. f4 f6 17. Bd3 Qe7 18. exf6 Rxf6 19. b4 e5 20. Rhe1 e4 21. Be2 a5
22. a3 Rff8 {äàëåå çàïèñü íåðàçáîð~~èâà} 1/2-1/2

[Event "Ì17Ï "]
[Site "Loo"]
[Date "2017.04.20"]
[Round "1.10"]
[White "Ñîêîëîâ, Íèêèòà."]
[Black "Íàòàðîâ, Èëüÿ."]
[Result "0-1"]
[WhiteElo "2049"]
[BlackElo "1829"]
[PlyCount "70"]
[EventDate "2017.04.20"]

1. e4 Nf6 2. Nc3 d5 3. exd5 Nxd5 4. Nxd5 Qxd5 5. Nf3 Bg4 6. Be2 Nc6 7. h3 Bh5
8. O-O e6 9. c3 Be7 10. d4 O-O-O 11. Be3 g5 12. c4 Qf5 13. Qb3 g4 14. Bd3 Qf6
15. hxg4 Bxg4 16. Be4 Bxf3 17. Bxf3 Rhg8 18. Bxc6 bxc6 19. Rfd1 Qf3 20. g3 Bd6
21. Bd2 Qe4 22. Qe3 Qh4 23. Kg2 h5 24. Rh1 Qg4 25. Qf3 Qxd4 26. Be3 Qxb2 27.
Rab1 Qxa2 28. Ra1 Qc2 29. Rhc1 Rxg3+ 30. Qxg3 Qe4+ 31. f3 Qxe3 32. Qh3 Rg8+ 33.
Kh1 Rg3 34. Qxh5 Rg6 35. Qh8+ Kd7 0-1

[Event "Ì17Ï "]
[Site "Loo"]
[Date "2017.04.20"]
[Round "1.11"]
[White "Àéðàïåòÿí, Îãàíåñ."]
[Black "Êûðíàåâ, Àëåêñåé."]
[Result "1/2-1/2"]
[WhiteElo "1825"]
[BlackElo "2048"]
[PlyCount "120"]
[EventDate "2017.04.20"]

1. e4 c5 2. d3 Nc6 3. c3 d5 4. Qc2 g6 5. Be2 Bg7 6. exd5 Qxd5 7. Bf3 Qd6 8. Na3
Ne5 9. Be2 Bf5 10. Be3 c4 11. Nxc4 Nxd3+ 12. Bxd3 Qxd3 13. Qxd3 Bxd3 14. Na5 b6
15. Nb3 e5 16. O-O-O O-O-O 17. Nf3 h6 18. Rd2 Ne7 19. Rhd1 Be4 20. Rxd8+ Rxd8
21. Rxd8+ Kxd8 22. Nbd2 Bd5 23. c4 Be6 24. c5 Nd5 25. cxb6 axb6 26. b3 Nxe3 27.
fxe3 Kc7 28. Kc2 Kc6 29. Kd3 Bf5+ 30. e4 Be6 31. h3 Kc5 32. Kc3 f6 33. a4 Bf8
34. Nf1 Be7 35. b4+ Kd6 36. Ne3 f5 37. exf5 gxf5 38. Nc4+ Bxc4 39. Kxc4 Bd8 40.
Kb5 e4 41. Nd4 Ke5 42. Ne2 f4 43. a5 f3 44. gxf3 exf3 45. Ng3 Kf4 46. Nf1 bxa5
47. bxa5 Bxa5 48. Kxa5 Kg5 49. Kb5 Kh4 50. Kc5 Kxh3 51. Kd5 h5 52. Ke4 Kg2 53.
Nd2 f2 54. Ke3 h4 55. Ke2 h3 56. Nf1 Kg1 57. Nh2 Kg2 58. Nf1 Kg1 59. Nh2 Kh1
60. Kxf2 Kxh2 1/2-1/2

[Event "Ì17Ï "]
[Site "Loo"]
[Date "2017.04.20"]
[Round "1.12"]
[White "Øåìÿêèí, Âàëåðèé."]
[Black "Ïåòðîâñêèé, Àíäðåé."]
[Result "1-0"]
[WhiteElo "2039"]
[BlackElo "1780"]
[PlyCount "87"]
[EventDate "2017.04.20"]

1. Nf3 Nf6 2. g3 c5 3. Bg2 Nc6 4. d4 cxd4 5. Nxd4 e5 6. Nxc6 bxc6 7. c4 Be7 8.
Nc3 O-O 9. O-O Rb8 10. b3 Bb7 11. Qc2 d5 12. Rd1 Qc7 13. Na4 d4 14. Rb1 a5 15.
Bd2 c5 16. Bxb7 Rxb7 17. e4 Qc6 18. Re1 Ra7 19. Qd3 Nh5 20. Re2 Qg6 21. Kh1 Bd6
22. Rg1 f5 23. exf5 Qxf5 24. Qxf5 Rxf5 25. f4 Re7 26. Rge1 Nf6 27. fxe5 Rfxe5
28. Rxe5 Rxe5 29. Rxe5 Bxe5 30. Nxc5 Bc7 31. Kg2 Bd6 32. Nd3 Bc7 33. Kf3 Kf7
34. Bg5 Nd7 35. Ke4 Bb6 36. Ne5+ Nxe5 37. Kxe5 Kg6 38. Bd2 Kh5 39. a3 Kg4 40.
Ke4 Kh3 41. b4 Kxh2 42. c5 Bd8 43. bxa5 Kxg3 44. a6 1-0

[Event "Ì17Ï "]
[Site "Loo"]
[Date "2017.04.20"]
[Round "1.13"]
[White "Åãîðîâ, Àëåêñåé."]
[Black "Ðîâíîâ, Âëàäèñëàâ."]
[Result "1/2-1/2"]
[WhiteElo "1776"]
[BlackElo "2039"]
[PlyCount "69"]
[EventDate "2017.04.20"]

1. e4 e6 2. d4 d5 3. exd5 exd5 4. Bd3 c5 5. dxc5 Bxc5 6. Nf3 Nf6 7. Bg5 O-O 8.
O-O Nc6 9. Nc3 Be6 10. a3 a6 11. Ne2 h6 12. Be3 d4 13. Bxd4 Nxd4 14. Nfxd4 Bg4
15. c3 Bxd4 16. cxd4 Qb6 17. f3 Be6 18. Qd2 Rfd8 19. Kh1 Nd5 20. Be4 Ne7 21.
Qb4 Qxb4 22. axb4 Bc4 23. Rfe1 Nc6 24. Rad1 Bxe2 25. Rxe2 Nxd4 26. Red2 Nc6 27.
Rd7 Rxd7 28. Rxd7 Nxb4 29. Rxb7 Rd8 30. h3 Nd3 31. Kh2 Nc5 32. Rb4 Nxe4 33.
Rxe4 Rb8 34. Ra4 Rxb2 35. Rxa6 1/2-1/2

[Event "Ì17Ï "]
[Site "Loo"]
[Date "2017.04.20"]
[Round "1.14"]
[White "Ìîèñååâ, Äàíèëà."]
[Black "Íîâèêîâ, Êèðèëë."]
[Result "1/2-1/2"]
[WhiteElo "2037"]
[BlackElo "1763"]
[PlyCount "83"]
[EventDate "2017.04.20"]

1. e4 c5 2. Nf3 d6 3. d4 cxd4 4. Nxd4 Nf6 5. f3 e6 6. c4 Be7 7. Nc3 a6 8. Be3
b6 9. Be2 Bb7 10. O-O O-O 11. Qd2 Nbd7 12. Rfd1 Qc7 13. Rac1 Rac8 14. Kh1 Qb8
15. Bg1 Bd8 16. b4 Bc7 17. Qb2 Ne5 18. a4 Ba8 19. Qa1 Nfd7 20. Bf1 Bd8 21. Qa2
Qc7 22. Nb1 Bb7 23. Na3 Qb8 24. Rb1 Qa8 25. a5 bxa5 26. b5 Nb6 27. bxa6 Bxa6
28. Ndb5 Bxb5 29. Rxb5 Rc6 30. c5 Na4 31. Qc2 Nxc5 32. Bxc5 dxc5 33. Rxc5 Be7
34. Rxc6 Qxc6 35. Qxc6 Nxc6 36. Bb5 Bxa3 37. Bxc6 Rb8 38. Ra1 Rb6 39. Ba4 Kf8
40. g3 Bb4 41. Rd1 Ke7 42. e5 1/2-1/2

[Event "Ì17Ï "]
[Site "Loo"]
[Date "2017.04.20"]
[Round "1.15"]
[White "Ëåîíîâ, Êèðèëë."]
[Black "Íîâèêîâ, Ñåðãåé."]
[Result "0-1"]
[WhiteElo "1755"]
[BlackElo "2036"]
[PlyCount "70"]
[EventDate "2017.04.20"]

1. e4 c5 2. c3 Nf6 3. e5 Nd5 4. d4 cxd4 5. cxd4 d6 6. exd6 Qxd6 7. Nf3 Nc6 8.
Nc3 Bg4 9. Be2 e6 10. a3 Be7 11. O-O O-O 12. Ne4 Qc7 13. h3 Bxf3 14. Bxf3 Qb6
15. Nc5 Rfd8 16. b4 Nxd4 17. Qxd4 Bf6 18. Qg4 Bxa1 19. Bh6 Be5 20. Re1 Bf6 21.
Ne4 Bd4 22. Nc5 Ne7 23. Bg5 Bxc5 24. bxc5 Qxc5 25. Bf6 Ng6 26. Bxd8 Rxd8 27.
Qa4 Rd2 28. Rf1 b5 29. Qb3 Ne5 30. Be4 Nc4 31. a4 Nd6 32. Bb1 b4 33. Qf3 g6 34.
Qf4 Qd4 35. Qf3 Kg7 0-1